[Event "Open Aubagne 2022/2023"]
[Site "Aubagne"]
[Date "2022.11.19"]
[Round "2.2"]
[White "Battaglia, Gerard"]
[Black "Cotton, Paul"]
[Result "1-0"]
[WhiteElo "1666"]
[BlackElo "1308"]
[PlyCount "65"]
[WhiteTeam "Echiquier Marseillais 1872"]
[BlackTeam "Cercle d'Echecs Aubagnais"]

1. d4 Nf6 2. c4 g6 3. Nc3 Bg7 4. e4 d6 5. f4 O-O 6. e5 dxe5 7. fxe5 Ne8 8. Nf3
e6 9. Bf4 Nd7 10. Be2 c5 11. d5 exd5 12. cxd5 Nc7 13. O-O Nb6 14. d6 Ne6 15.
Bg3 Bd7 16. a4 a5 17. Qd2 Qe8 18. b3 Nc8 19. Rae1 Na7 20. Nd5 Nc6 21. Nf6+ Bxf6
22. exf6 Qd8 23. Bh4 Ncd4 24. Nxd4 Nxd4 25. Qh6 Ne6 26. Bc4 Kh8 27. Bxe6 Rg8
28. Bxf7 Bf5 29. Bxg8 Qxg8 30. Re7 Rf8 31. Rg7 Qxg7 32. fxg7+ Kg8 33. gxf8=Q#
1-0

[Event "Open Aubagne 2022/2023"]
[Site "Aubagne"]
[Date "2022.11.19"]
[Round "2.3"]
[White "Roman, Sylvian"]
[Black "Tramarin, Matteo"]
[Result "0-1"]
[WhiteElo "1284"]
[BlackElo "1637"]
[PlyCount "108"]
[WhiteTeam "Cercle d'Echecs Aubagnais"]
[BlackTeam "Cercle d'Echecs Aubagnais"]

1. d4 Nf6 2. Bf4 g6 3. e3 Bg7 4. Nd2 O-O 5. Bd3 d6 6. Ngf3 Bg4 7. h3 Bxf3 8.
Nxf3 Nbd7 9. e4 c5 10. c3 cxd4 11. cxd4 Rc8 12. O-O Nh5 13. Be3 a6 14. Qd2 Re8
15. Rac1 e5 16. Rxc8 Qxc8 17. Rc1 Qb8 18. d5 Rc8 19. Rxc8+ Qxc8 20. Qc2 Qxc2
21. Bxc2 Nhf6 22. Nd2 Nc5 23. Bxc5 dxc5 24. Nc4 Nd7 25. a4 Bf8 26. a5 f6 27.
Ba4 Nb8 28. Nb6 Bd6 29. Nc4 Bc7 30. d6 Bd8 31. Kf1 Kf7 32. Bb3 Ke6 33. Ba4 Nd7
34. Bb3 Nb8 35. Ke2 Nc6 36. Kd2 Nd4 37. Ba4 Nb5 38. d7 Kxd7 39. Bxb5+ axb5 40.
Nb6+ Bxb6 41. axb6 Kc6 42. Kc3 Kxb6 43. b4 Kc6 44. f3 b6 45. g3 Kd6 46. g4 g5
47. Kb3 h6 48. Kc3 cxb4+ 49. Kxb4 Kc6 50. Kc3 Kc5 51. Kb3 b4 52. Kb2 Kc4 53.
Kc2 Kd4 54. Kb3 Ke3 0-1

[Event "Open Aubagne 2022/2023"]
[Site "Aubagne"]
[Date "2022.11.19"]
[Round "2.4"]
[White "Mouhieddine, Hocine"]
[Black "Evrard, Nicolas"]
[Result "1-0"]
[WhiteElo "1620"]
[BlackElo "1312"]
[PlyCount "71"]
[WhiteTeam "Echiquier Marseillais 1872"]
[BlackTeam "Salon Nostradamus"]

1. d4 f5 2. Bg5 d6 3. e3 Nd7 4. Nh3 Ngf6 5. Nf4 Nb6 6. Bxf6 exf6 7. Qh5+ Ke7 8.
Ng6+ hxg6 9. Qxh8 Kf7 10. Nd2 d5 11. h4 Be7 12. Qh7 Qg8 13. Qxg8+ Kxg8 14.
O-O-O c5 15. dxc5 Bxc5 16. Nb3 Be7 17. Nd4 a6 18. Be2 Kf7 19. Bd3 Bd7 20. h5
Rc8 21. hxg6+ Kxg6 22. g4 Kf7 23. gxf5 Na4 24. c3 Nc5 25. Bc2 b5 26. b4 Na4 27.
Bxa4 bxa4 28. Kd2 Rb8 29. a3 a5 30. Ke2 axb4 31. cxb4 Bb5+ 32. Nxb5 Rxb5 33.
Rd4 Bd6 34. Rhd1 Be5 35. Rxd5 Rb6 36. Rd7+ 1-0

[Event "Open Aubagne 2022/2023"]
[Site "Aubagne"]
[Date "2022.11.19"]
[Round "2.5"]
[White "Roganova, Maxime"]
[Black "Rocchia, Alex"]
[Result "1-0"]
[WhiteElo "1580"]
[BlackElo "1228"]
[PlyCount "73"]
[WhiteTeam "Cercle d'Echecs Aubagnais"]
[BlackTeam "Cassis Echecs"]

1. e4 e5 2. Nf3 Nc6 3. Bc4 Nf6 4. d4 exd4 5. e5 Qe7 6. O-O Ng4 7. Bf4 Qc5 8.
Bxf7+ Kxf7 9. Ng5+ Kg8 10. Qxg4 Nxe5 11. Qg3 d6 12. Qb3+ Nc4 13. Nd2 b5 14.
Nde4 Qc6 15. a4 Bd7 16. Qd3 Bf5 17. Qxd4 Bxe4 18. Nxe4 d5 19. Nc3 Bc5 20. Qxd5+
Qxd5 21. Nxd5 c6 22. Nc7 Rc8 23. axb5 cxb5 24. Nxb5 Kf7 25. b3 Nb6 26. Rxa7+
Kg6 27. Ra6 Rhf8 28. Bd6 Rf6 29. Bxc5 Rxc5 30. c4 Nd7 31. Rxf6+ Nxf6 32. Rc1
Nd7 33. b4 Re5 34. c5 Nb8 35. Nd6 h5 36. Kf1 Rd5 37. c6 1-0

[Event "Open Aubagne 2022/2023"]
[Site "Aubagne"]
[Date "2022.11.19"]
[Round "2.6"]
[White "Madi, Mohammed"]
[Black "Ghazarian, David"]
[Result "1/2-1/2"]
[WhiteElo "1249"]
[BlackElo "1575"]
[PlyCount "125"]
[WhiteTeam "Cercle d'Echecs Aubagnais"]
[BlackTeam "Cercle d'Echecs Aubagnais"]

1. e4 d5 2. exd5 Qxd5 3. Nc3 Qd6 4. d4 a6 5. Nf3 Nf6 6. Be3 Bg4 7. Be2 e6 8. h3
Bf5 9. O-O h6 10. Qd2 Nc6 11. a3 O-O-O 12. Rad1 g5 13. b4 Ne4 14. Nxe4 Bxe4 15.
c4 Bg7 16. c5 Qd5 17. Qc2 f5 18. Bc4 Qd7 19. Ne5 Qe7 20. Nxc6 Bxc6 21. Rfe1 f4
22. Bd2 Rxd4 23. Bxe6+ Kb8 24. Bd5 Qd7 25. Bxc6 Qxc6 26. Bc3 Rc4 27. Rd3 Re8
28. Qd2 Rxe1+ 29. Qxe1 Bxc3 30. Rxc3 Re4 31. Qd2 Qe8 32. Rd3 Re1+ 33. Kh2 Qe5
34. Rd8+ Ka7 35. Qd4 Qxd4 36. Rxd4 Re2 37. Kg1 Ra2 38. Rd3 Ra1+ 39. Kh2 b6 40.
c6 Rc1 41. g3 fxg3+ 42. Kxg3 Rxc6 43. h4 b5 44. hxg5 hxg5 45. Kg4 Rg6 46. Rd5
Kb6 47. Rxg5 Rd6 48. Re5 a5 49. Re3 axb4 50. axb4 Rd4+ 51. f4 Rxb4 52. Kg5 c5
53. f5 Rd4 54. Re6+ Ka5 55. f6 Rd8 56. Rc6 c4 57. f7 Rf8 58. Kg6 Kb4 59. Kg7
Rxf7+ 60. Kxf7 Kb3 61. Ke6 c3 62. Kd5 c2 63. Rxc2 1/2-1/2

[Event "Open Aubagne 2022/2023"]
[Site "Aubagne"]
[Date "2022.11.19"]
[Round "2.8"]
[White "Madi, Chahinez"]
[Black "Roganova, Jeremy"]
[Result "1-0"]
[WhiteElo "1434"]
[BlackElo "1182"]
[PlyCount "53"]
[WhiteTeam "Cercle d'Echecs Aubagnais"]
[BlackTeam "Cercle d'Echecs Aubagnais"]

1. d4 Nf6 2. Nf3 g6 3. Bf4 Bg7 4. e3 O-O 5. Bd3 d6 6. O-O Nbd7 7. Nbd2 Ne8 8.
Bg3 e5 9. Bh4 Nef6 10. dxe5 dxe5 11. Ne4 b6 12. Nxf6+ Bxf6 13. Bxf6 Qxf6 14.
Be4 Rb8 15. b4 Rd8 16. Qe2 Qe6 17. Rfd1 Qe7 18. Qb5 Nf6 19. Rxd8+ Qxd8 20. Qxe5
Nxe4 21. Qxe4 Bf5 22. Qc4 Qf6 23. Rd1 Be6 24. Qc6 Rc8 25. Nd4 Kg7 26. Nxe6+
fxe6 27. Qd7+ 1-0

[Event "Open Aubagne 2022/2023"]
[Site "Aubagne"]
[Date "2022.11.19"]
[Round "2.9"]
[White "Periale, Albert"]
[Black "Gamblin, Vincent"]
[Result "0-1"]
[WhiteElo "1216"]
[BlackElo "1432"]
[PlyCount "76"]
[WhiteTeam "Cercle d'Echecs Aubagnais"]
[BlackTeam "L'Echiquier du Roy René"]

1. d4 Nf6 2. Nf3 e6 3. Bf4 c5 4. c3 b6 5. e3 Bb7 6. Nbd2 cxd4 7. exd4 d5 8. Bd3
Bd6 9. Ne5 Qc7 10. Ndf3 Nbd7 11. Qd2 Ne4 12. Qe2 Nxe5 13. Bxe5 f6 14. Bxd6 Qxd6
15. Nd2 Nxd2 16. Kxd2 O-O 17. g3 Rae8 18. Rhe1 e5 19. dxe5 fxe5 20. f3 e4 21.
Bb5 Re7 22. Kc2 Rxf3 23. Rf1 Ref7 24. Rxf3 Rxf3 25. Rf1 Rf6 26. Rxf6 gxf6 27.
Qe3 Qe5 28. Ba4 Ba6 29. Kd2 h5 30. Bb3 Kf7 31. h4 Ke6 32. a4 Bd3 33. Bc2 Bxc2
34. Kxc2 Kf5 35. b4 Kg4 36. Kd2 Qxg3 37. Qxg3+ Kxg3 38. Ke2 Kxh4 0-1

[Event "Open Aubagne 2022/2023"]
[Site "Aubagne"]
[Date "2022.11.19"]
[Round "2.11"]
[White "Benezra, David"]
[Black "Touaoula, Rachid"]
[Result "1/2-1/2"]
[WhiteElo "1380"]
[BlackElo "1120"]
[PlyCount "83"]
[WhiteTeam "L'Echiquier du Roy René"]
[BlackTeam "Echiquier Marseillais 1872"]

1. d4 d5 2. Nf3 Nf6 3. c3 c6 4. Bf4 Bf5 5. Nbd2 e6 6. e3 Bd6 7. Ne5 Qc7 8. Be2
Nbd7 9. g4 Bg6 10. Nxg6 hxg6 11. Bxd6 Qxd6 12. h3 Qc7 13. Qc2 O-O-O 14. O-O-O
Ne8 15. Nf3 Nd6 16. g5 Nf5 17. Nd2 Rh7 18. e4 Nd6 19. exd5 cxd5 20. Rh2 Rdh8
21. Rdh1 Nf5 22. Kb1 Qf4 23. Nf3 Nh4 24. Nxh4 Rxh4 25. Qa4 Qe4+ 26. Qc2 Qxc2+
27. Kxc2 Nf8 28. Bg4 f5 29. gxf6 gxf6 30. Bf3 f5 31. Bg2 g5 32. Re1 Kc7 33. Kb3
b5 34. a4 a6 35. axb5 axb5 36. Ra1 Kb6 37. Kb4 e5 38. Ra5 exd4 39. Rxb5+ Kc7
40. Rc5+ Kb6 41. Rb5+ Kc7 42. Rc5+ 1/2-1/2

[Event "Open Aubagne 2022/2023"]
[Site "Aubagne"]
[Date "2022.11.19"]
[Round "2.12"]
[White "Periale, Francine"]
[Black "Roche, Alain"]
[Result "0-1"]
[WhiteElo "1002"]
[BlackElo "1336"]
[PlyCount "78"]
[WhiteTeam "Cercle d'Echecs Aubagnais"]
[BlackTeam "Echiquier Marseillais 1872"]

1. d4 d5 2. Bf4 Nc6 3. e3 Nf6 4. Nf3 h6 5. c3 a6 6. Bd3 Bg4 7. Nbd2 e6 8. O-O
Bd6 9. Bg3 O-O 10. Qc2 b5 11. a3 Na5 12. b3 Nc6 13. Ne5 Bxe5 14. dxe5 Ne8 15.
f3 Bh5 16. f4 Na5 17. f5 c5 18. f6 c4 19. Rf4 cxd3 20. Qxd3 Bg6 21. Qe2 Rc8 22.
Rc1 Nc6 23. fxg7 Nxg7 24. Nf3 Nf5 25. Nh4 Nxg3 26. hxg3 Nxe5 27. Nxg6 Nxg6 28.
Qg4 Kh7 29. Rc2 Nxf4 30. Qxf4 Rg8 31. Rf2 Rg7 32. g4 Rxc3 33. Rf3 Rc1+ 34. Kh2
Qg5 35. Qxg5 hxg5 36. Rh3+ Kg8 37. Rf3 Rc3 38. Rh3 Rh7 39. Rxh7 Kxh7 0-1

[Event "Open Aubagne 2022/2023"]
[Site "Aubagne"]
[Date "2022.11.19"]
[Round "2.13"]
[White "Lai, Bjorn"]
[Black "Innocenti, Georges"]
[Result "1-0"]
[WhiteElo "1397"]
[BlackElo "1064"]
[PlyCount "59"]
[WhiteTeam "Club Provence Echecs"]
[BlackTeam "Cercle d'Echecs Aubagnais"]

1. e4 e5 2. Nf3 Nc6 3. Bc4 h6 4. d4 exd4 5. Nxd4 Qe7 6. Nc3 Nxd4 7. Qxd4 Qd6 8.
Be3 Qxd4 9. Bxd4 f6 10. O-O-O Bd6 11. Rhe1 Be5 12. Bxe5 fxe5 13. Nd5 Kd8 14.
Ne3 b6 15. Ng4 d6 16. Nxe5 Bb7 17. Nf7+ Kd7 18. Nxh8 Ne7 19. Nf7 Rf8 20. e5 Ke8
21. e6 d5 22. Bd3 Nc6 23. Bb5 Ke7 24. Bxc6 Bxc6 25. f4 Kf6 26. g4 Re8 27. f5
Re7 28. Ne5 Bb7 29. h4 h5 30. Nd7+ 1-0

[Event "Open Aubagne 2022/2023"]
[Site "Aubagne"]
[Date "2022.11.19"]
[Round "2.14"]
[White "Vrillet, Loan"]
[Black "Leonti, Denis"]
[Result "1/2-1/2"]
[WhiteElo "1199"]
[BlackElo "1204"]
[PlyCount "111"]
[WhiteTeam "Cercle d'Echecs Aubagnais"]
[BlackTeam "Hay Chess"]

1. e4 e6 2. d4 d5 3. Nc3 Nf6 4. exd5 exd5 5. Bg5 Be7 6. Bd3 h6 7. Bf4 Bd6 8.
Nge2 Bxf4 9. Nxf4 Qe7+ 10. Nfe2 Nc6 11. O-O O-O 12. Re1 Qd8 13. Qd2 Nb4 14. Ng3
Nxd3 15. Qxd3 Be6 16. Re2 Qd7 17. Rae1 Rfe8 18. h3 b6 19. b4 c6 20. Nb1 a5 21.
a3 axb4 22. axb4 Ra4 23. c3 Rea8 24. Nd2 Ra1 25. Nf3 Rxe1+ 26. Rxe1 Qa7 27. Ne5
c5 28. bxc5 bxc5 29. dxc5 Qxc5 30. Rb1 Nd7 31. Nxd7 Bxd7 32. Ne2 Bb5 33. Qxb5
Qe7 34. Qxd5 Re8 35. Ng3 Qa3 36. Qd4 Qa2 37. Rb7 Re1+ 38. Nf1 Qe2 39. Rb8+ Kh7
40. Qd8 Qxf1+ 41. Kh2 Qxf2 42. Qd3+ g6 43. Qd4 Qxd4 44. cxd4 Kg7 45. Kg3 Kf6
46. Kf4 g5+ 47. Kf3 Kf5 48. Rb6 Re6 49. Rxe6 Kxe6 50. Ke4 f5+ 51. Ke3 Kd5 52.
g3 h5 53. h4 g4 54. Kd3 Ke6 55. Ke3 Kd5 56. Kd3 1/2-1/2

[Event "Open Aubagne 2022/2023"]
[Site "Aubagne"]
[Date "2022.11.19"]
[Round "2.15"]
[White "Hassaine, Rachid"]
[Black "Batel, Aedann"]
[Result "1-0"]
[WhiteElo "1374"]
[BlackElo "1199"]
[PlyCount "53"]
[WhiteTeam "Cercle d'Echecs Aubagnais"]
[BlackTeam "La Ciotat Echecs (LCE)"]

1. e4 c5 2. Bc4 d6 3. Nf3 Nf6 4. Nc3 Bg4 5. d3 Nc6 6. Be3 Ne5 7. h3 Nxc4 8.
dxc4 Bh5 9. Nd5 Nxe4 10. Qd3 Bxf3 11. gxf3 Nf6 12. Nxf6+ exf6 13. O-O-O Be7 14.
Rhg1 O-O 15. Bh6 g6 16. Bxf8 Bxf8 17. h4 Bh6+ 18. Kb1 a6 19. h5 Rb8 20. hxg6
hxg6 21. Qd5 b5 22. Rxg6+ Kh7 23. Rg4 Qe7 24. Rh1 Re8 25. Qd3+ f5 26. Qxf5+ Kh8
27. Rxh6# 1-0

[Event "Open Aubagne 2022/2023"]
[Site "Aubagne"]
[Date "2022.11.19"]
[Round "2.16"]
[White "Belaid, Noa"]
[Black "Cavanihac, Claude"]
[Result "0-1"]
[WhiteElo "1120"]
[BlackElo "1367"]
[PlyCount "90"]
[WhiteTeam "Cercle d'Echecs Aubagnais"]
[BlackTeam "Cercle d'Echecs Aubagnais"]

1. e4 e5 2. Nf3 Nc6 3. Bc4 Be7 4. Nc3 Nf6 5. O-O d6 6. h3 O-O 7. d3 Na5 8. Bb5
c6 9. Ba4 b5 10. Bb3 b4 11. Ne2 c5 12. c4 h6 13. Bc2 Nc6 14. b3 Be6 15. Bb2 Qd7
16. Ng3 Kh7 17. Qd2 g5 18. Rae1 Rg8 19. Nf5 Bxf5 20. exf5 Kh8 21. g4 Qb7 22.
Bd1 Ne8 23. h4 f6 24. h5 Nc7 25. Nh2 Nd4 26. Bxd4 cxd4 27. Bf3 d5 28. cxd5 Bd6
29. Rc1 Qb8 30. Be4 Nb5 31. f3 Nc3 32. Rf2 a5 33. Nf1 a4 34. Ng3 axb3 35. axb3
Rc8 36. Qe1 Qa7 37. Rcc2 Rc5 38. Kg2 Ra5 39. Nf1 Ra3 40. Rb2 Ra1 41. Qd2 Nd1
42. Rc2 Nxf2 43. Qxf2 Ra2 44. Rxa2 Qxa2 45. Qxa2 Rxa2+ 0-1

[Event "Open Aubagne 2022/2023"]
[Site "Aubagne"]
[Date "2022.11.19"]
[Round "2.17"]
[White "Moerenhout, Jean Claude"]
[Black "Turpin, Isabelle"]
[Result "1-0"]
[WhiteElo "1279"]
[BlackElo "1132"]
[PlyCount "77"]
[WhiteTeam "Cercle d'Echecs Aubagnais"]
[BlackTeam "Cercle d'Echecs Aubagnais"]

1. e4 c5 2. d4 d6 3. dxc5 Qa5+ 4. Nc3 Qxc5 5. Nf3 Nf6 6. Be2 Ng4 7. O-O Ne5 8.
Be3 Nxf3+ 9. Bxf3 Qe5 10. Nd5 Na6 11. Re1 e6 12. Bd4 Qg5 13. Nc3 e5 14. Be3 Qg6
15. Nd5 h5 16. Be2 Bg4 17. Qd2 Bh3 18. g3 Qxe4 19. f3 Qg6 20. Bxa6 Rc8 21. Bb5+
Kd8 22. Bd3 Qe6 23. Nf4 Qd7 24. Nxh3 Qxh3 25. Bf1 Qf5 26. c3 Qxf3 27. Bg2 Qg4
28. Rf1 f5 29. Bxa7 h4 30. Bb6+ Kd7 31. Bf2 e4 32. Rae1 g6 33. Qd5 hxg3 34.
Bxg3 Rc5 35. Qf7+ Kc6 36. Rd1 Bh6 37. Rxd6+ Kb5 38. Qxb7+ Ka4 39. Qb4# 1-0

[Event "Open Aubagne 2022/2023"]
[Site "Aubagne"]
[Date "2022.11.19"]
[Round "2.18"]
[White "Boudet, Nicole"]
[Black "Roux, Jean-Marie"]
[Result "1-0"]
[WhiteElo "1123"]
[BlackElo "1277"]
[PlyCount "69"]
[WhiteTeam "Club d'Echecs Pennois (CEP)"]
[BlackTeam "L'Echiquier du Roy René"]

1. e4 e5 2. Nf3 Nc6 3. d4 exd4 4. Nxd4 Nf6 5. Nc3 Be7 6. Nxc6 bxc6 7. Bc4 O-O
8. O-O d6 9. h3 Bb7 10. Re1 c5 11. Bf4 Qd7 12. Qd3 a5 13. Bb5 c6 14. Bc4 Rfe8
15. e5 Nh5 16. Bh2 g6 17. e6 Qd8 18. exf7+ Kf8 19. fxe8=Q+ Qxe8 20. Qf3+ Nf6
21. Ne4 Kg7 22. Nxf6 Qd8 23. Ng4 d5 24. Rad1 Bf8 25. Be5+ Kg8 26. Nf6+ Kh8 27.
Nh5+ Kg8 28. Nf4 Qh4 29. g3 Qh6 30. Be2 Bc8 31. g4 c4 32. Bxc4 dxc4 33. Rd8 Qh4
34. Qxc6 Qxd8 35. Qxc4+ 1-0

[Event "Open Aubagne 2022/2023"]
[Site "Aubagne"]
[Date "2022.11.19"]
[Round "2.19"]
[White "Tramarin, Lucas"]
[Black "Alonso, Clara"]
[Result "1-0"]
[WhiteElo "1245"]
[BlackElo "1099"]
[PlyCount "81"]
[WhiteTeam "Cercle d'Echecs Aubagnais"]
[BlackTeam "La Ciotat Echecs (LCE)"]

1. d4 Nf6 2. Nf3 g6 3. Bg5 h6 4. Bh4 g5 5. Bg3 Nh5 6. e3 Nxg3 7. fxg3 d6 8. Bd3
Nc6 9. c3 Bg4 10. Nbd2 e5 11. O-O exd4 12. exd4 Ne7 13. Qb3 Rh7 14. Bxh7 Be6
15. Qc2 Qd7 16. Qd3 g4 17. Nh4 O-O-O 18. Rae1 Bd5 19. c4 Bc6 20. d5 Ba4 21. b3
Bxb3 22. axb3 c6 23. Bf5 Nxf5 24. Qxf5 Qxf5 25. Rxf5 b6 26. Rxf7 a5 27. Ref1
Rd7 28. Rxd7 Kxd7 29. Rxf8 b5 30. Rf7+ Ke8 31. Ra7 cxd5 32. cxd5 Kd8 33. Kf2
Kc8 34. Ke3 Kb8 35. Rh7 a4 36. bxa4 bxa4 37. Nc4 h5 38. Kf4 Kc8 39. Kf5 Kd8 40.
Ke6 Ke8 41. Rh8# 1-0

[Event "Open Aubagne 2022/2023"]
[Site "Aubagne"]
[Date "2022.11.19"]
[Round "2.20"]
[White "Normand, Christophe"]
[Black "Gaudevin Dumas, Noa"]
[Result "1-0"]
[WhiteElo "1237"]
[BlackElo "1099"]
[PlyCount "97"]
[WhiteTeam "Club d'Echecs Pennois (CEP)"]
[BlackTeam "La Ciotat Echecs (LCE)"]

1. e4 e6 2. d4 d5 3. e5 c5 4. c3 Nc6 5. Bb5 a6 6. Ba4 b5 7. Bc2 Qb6 8. Nf3 Nge7
9. O-O Nf5 10. Bxf5 exf5 11. Re1 Be7 12. Bg5 h6 13. Bxe7 Nxe7 14. Nbd2 Be6 15.
Nb3 b4 16. Nxc5 Rc8 17. Qa4+ Qb5 18. Qxb5+ axb5 19. cxb4 O-O 20. Nd2 f4 21. f3
Bf5 22. Ndb3 Rc7 23. e6 Rc6 24. exf7+ Kxf7 25. Na5 Rc7 26. Ncb7 Rcc8 27. Nd6+
Kg8 28. Nxc8 Rxc8 29. Rxe7 Rc2 30. Re5 Bd7 31. Rxd5 Bc6 32. Nxc6 Rxc6 33. Rxb5
g5 34. Rc5 Re6 35. a4 Re2 36. Rb1 Kg7 37. a5 Kg6 38. a6 Kh5 39. Kf1 Re3 40. a7
Re8 41. Ra1 Kh4 42. a8=Q Rxa8 43. Rxa8 h5 44. g3+ fxg3 45. hxg3+ Kh3 46. Rxg5
h4 47. gxh4 Kxh4 48. Rg1 Kh3 49. Rh8# 1-0

[Event "Open Aubagne 2022/2023"]
[Site "Aubagne"]
[Date "2022.11.19"]
[Round "2.21"]
[White "Genta, Melina"]
[Black "Maggio, Lucas"]
[Result "0-1"]
[WhiteElo "1099"]
[BlackElo "1216"]
[PlyCount "88"]
[WhiteTeam "La Ciotat Echecs (LCE)"]
[BlackTeam "Cercle d'Echecs Aubagnais"]

1. e4 e6 2. Nc3 d5 3. exd5 exd5 4. Nf3 Nf6 5. g3 c6 6. Bg2 Bd6 7. d4 O-O 8. O-O
Re8 9. Re1 Bg4 10. Rxe8+ Qxe8 11. Bg5 Ne4 12. Qe1 f6 13. Bc1 Bxf3 14. Bxf3 f5
15. a3 Nd7 16. Nxe4 fxe4 17. Bg4 Nf6 18. Bf5 Qh5 19. Be6+ Kh8 20. b4 Re8 21.
Bxd5 cxd5 22. h4 Rc8 23. Ra2 h6 24. b5 Rc4 25. Be3 Ng4 26. a4 Nxe3 27. Qxe3
Rxc2 28. Rxc2 Qd1+ 29. Kg2 Qxc2 30. a5 Qa4 31. Qc3 Qc4 32. Qb2 Bb4 33. a6 bxa6
34. bxa6 Qc3 35. Qxc3 Bxc3 36. f3 e3 37. Kf1 Bxd4 38. g4 g5 39. h5 Kg7 40. Ke2
Kf6 41. Kd3 Ke5 42. Ke2 Kf4 43. Kf1 Kxf3 44. Ke1 Bc3+ 0-1

[Event "Open Aubagne 2022/2023"]
[Site "Aubagne"]
[Date "2022.11.19"]
[Round "2.22"]
[White "Belaid, Myriam"]
[Black "Gregot, Adrien"]
[Result "0-1"]
[WhiteElo "1199"]
[BlackElo "1099"]
[PlyCount "84"]
[WhiteTeam "Cercle d'Echecs Aubagnais"]
[BlackTeam "La Ciotat Echecs (LCE)"]

1. d4 Nf6 2. Nf3 d5 3. e3 Bf5 4. Nbd2 e6 5. b3 Be7 6. Nh4 O-O 7. Nxf5 exf5 8.
Bd3 Ne4 9. Qf3 Qd7 10. Bb2 Nc6 11. c3 Nxd2 12. Kxd2 g6 13. c4 Bb4+ 14. Ke2 Rad8
15. Rhe1 Bxe1 16. Rxe1 Rfe8 17. Kf1 Nb4 18. Bb1 a6 19. a3 Nc6 20. g4 fxg4 21.
Qd1 b5 22. cxb5 axb5 23. Bd3 Ne7 24. Qe2 c6 25. a4 bxa4 26. bxa4 c5 27. dxc5
Qxa4 28. Ra1 Qb4 29. Ba3 Qc3 30. Bb5 Qxa1+ 31. Kg2 Qxa3 32. Bxe8 Rxe8 33. Qxg4
Qxc5 34. Qd7 Rf8 35. Kf3 Nf5 36. e4 dxe4+ 37. Kxe4 Qxf2 38. h3 Qg3 39. Kd5 Qd3+
40. Kc6 Qxd7+ 41. Kxd7 Kg7 42. Kc7 Kf6 0-1

[Event "Open Aubagne 2022/2023"]
[Site "Aubagne"]
[Date "2022.11.19"]
[Round "2.23"]
[White "Hovaguimian, Gerard"]
[Black "Pegon, Claude"]
[Result "1-0"]
[WhiteElo "1199"]
[BlackElo "1058"]
[PlyCount "55"]
[WhiteTeam "Hay Chess"]
[BlackTeam "Cassis Echecs"]

1. d4 d5 2. c4 e6 3. e3 Nf6 4. Nc3 b6 5. Nf3 Bd6 6. Bd3 Ba6 7. b3 Nbd7 8. Rb1
c5 9. cxd5 Bxd3 10. Qxd3 exd5 11. dxc5 Nxc5 12. Qf5 Qd7 13. Qxd7+ Nfxd7 14.
Nxd5 Nd3+ 15. Ke2 Nb4 16. Nxb4 Bxb4 17. Bb2 O-O 18. a3 Bd6 19. Rhd1 Nc5 20.
Rxd6 Nxb3 21. Bxg7 Nc5 22. Bxf8 Rxf8 23. Rb4 Kh8 24. Ne5 f6 25. Nd3 f5 26. Nxc5
bxc5 27. Rc4 Rc8 28. Rf6 1-0

[Event "Open Aubagne 2022/2023"]
[Site "Aubagne"]
[Date "2022.11.19"]
[Round "2.24"]
[White "Ravel, Paul"]
[Black "Jaulmes-Monteiro, Kevin"]
[Result "1-0"]
[WhiteElo "1099"]
[BlackElo "1199"]
[PlyCount "71"]
[WhiteTeam "La Ciotat Echecs (LCE)"]
[BlackTeam "La Ciotat Echecs (LCE)"]

1. e4 e5 2. Nf3 Nf6 3. Nc3 Qe7 4. Bc4 Qc5 5. d3 Ng4 6. O-O Be7 7. Bg5 f6 8. Be3
h5 9. Bxc5 Bxc5 10. Nh4 f5 11. Ng6 Rh7 12. Nxe5 Nxe5 13. d4 Nf7 14. dxc5 Rh6
15. Qd2 d6 16. Bxf7+ Kxf7 17. Qd5+ Re6 18. cxd6 c6 19. Qc4 Na6 20. exf5 Nb4 21.
Rac1 Nxa2 22. Nxa2 b5 23. Qb3 Kf6 24. fxe6 Bxe6 25. Qc3+ Kf7 26. h3 h4 27. Qd4
Bxa2 28. d7 Ke7 29. Rcd1 Bd5 30. Qxg7+ Kd6 31. c4 Rg8 32. Qf6+ Kc7 33. Rxd5
cxd5 34. Qe6 Rg5 35. f4 Rg7 36. Qe5+ 1-0

[Event "Open Aubagne 2022/2023"]
[Site "Aubagne"]
[Date "2022.11.19"]
[Round "2.25"]
[White "Madi, Walid"]
[Black "Lognos, Lina"]
[Result "1-0"]
[WhiteElo "1199"]
[BlackElo "1018"]
[PlyCount "49"]
[WhiteTeam "Cercle d'Echecs Aubagnais"]
[BlackTeam "Cercle d'Echecs Aubagnais"]

1. d4 d5 2. c4 e6 3. a3 c6 4. Nc3 g6 5. cxd5 cxd5 6. Bf4 Bg7 7. e3 a6 8. Nf3
Nc6 9. b4 Nh6 10. Bd3 Nf5 11. Bxf5 exf5 12. O-O O-O 13. Rc1 Re8 14. Na4 b5 15.
Nc5 Bf8 16. Qb3 a5 17. Qd3 axb4 18. axb4 Nxb4 19. Qxb5 Na6 20. Ra1 Bxc5 21.
dxc5 Qf6 22. Qxe8+ Kg7 23. Be5 Bb7 24. Bxf6+ Kxf6 25. Qe5# 1-0

[Event "Open Aubagne 2022/2023"]
[Site "Aubagne"]
[Date "2022.11.19"]
[Round "2.26"]
[White "Nakle-Fambon, Gabriel"]
[Black "Terlecki, Mae"]
[Result "1-0"]
[WhiteElo "1199"]
[BlackElo "1009"]
[PlyCount "47"]
[WhiteTeam "La Ciotat Echecs (LCE)"]
[BlackTeam "La Ciotat Echecs (LCE)"]

1. c4 Nc6 2. Nc3 e5 3. e3 d6 4. d4 exd4 5. exd4 Nxd4 6. Qxd4 c5 7. Qd5 Nf6 8.
Bg5 Nxd5 9. Bxd8 Kxd8 10. Nxd5 Be6 11. Rd1 Be7 12. Nf3 Bg5 13. Nxg5 Kd7 14. g3
Kc6 15. Bg2 Bxd5 16. Bxd5+ Kd7 17. Nxf7 Kc7 18. Nxh8 Kb6 19. Nf7 Rb8 20. a4 Ka5
21. Nxd6 Kxa4 22. Kd2 b6 23. Kc3 Ka5 24. Ra1# 1-0

[Event "Open Aubagne 2022/2023"]
[Site "Aubagne"]
[Date "2022.11.19"]
[Round "2.27"]
[White "Lopez, Marcel"]
[Black "Peucelle, Richard"]
[Result "1-0"]
[WhiteElo "1059"]
[BlackElo "1199"]
[PlyCount "109"]
[WhiteTeam "Cassis Echecs"]
[BlackTeam "Cercle d'Echecs Aubagnais"]

1. g3 e5 2. Bg2 Nf6 3. Nc3 Bb4 4. e4 d6 5. a3 Bc5 6. h3 Be6 7. Na4 Nbd7 8. c3
O-O 9. b4 Bb6 10. Nb2 Qe7 11. Ne2 d5 12. exd5 Bxd5 13. Rg1 Bxg2 14. Rxg2 Nd5
15. Nc4 Bxf2+ 16. Rxf2 c6 17. Ne3 Qe6 18. Ng1 Rae8 19. Qg4 Qh6 20. Nf5 Qg6 21.
Nd6 Qxd6 22. Bb2 Re6 23. O-O-O Rg6 24. Qf3 N7b6 25. Rg2 Nc4 26. g4 Qe6 27. Re1
Ndb6 28. Re4 Rd8 29. Ree2 Na4 30. Ba1 Nxa3 31. d4 Rf6 32. Qe3 Rf1+ 33. Re1 Rf6
34. Qxe5 Qa2 35. Rxa2 Rh6 36. Rxa3 Nb6 37. Qc7 Rf8 38. Qxb7 Nc8 39. Ra6 Re6 40.
Rxc6 h6 41. Nf3 Rxc6 42. Qxc6 Ne7 43. Rxe7 Kh7 44. Ne5 f6 45. Nd7 Ra8 46. Qe4+
f5 47. Qxf5+ Kh8 48. d5 Rg8 49. c4 a6 50. Qe6 Ra8 51. Bxg7+ Kh7 52. Nf6+ Kg6
53. Ne4+ Kh7 54. Qxh6+ Kg8 55. Nf6# 1-0

[Event "Open Aubagne 2022/2023"]
[Site "Aubagne"]
[Date "2022.11.19"]
[Round "2.28"]
[White "Pretini, Augustin"]
[Black "Genta, Noam"]
[Result "0-1"]
[WhiteElo "1199"]
[BlackElo "1009"]
[PlyCount "74"]
[WhiteTeam "Cercle d'Echecs Aubagnais"]
[BlackTeam "La Ciotat Echecs (LCE)"]

1. e4 e5 2. Nf3 Nc6 3. Bc4 Nf6 4. Nc3 Bc5 5. Ng5 O-O 6. O-O d6 7. d3 h6 8. Nf3
Bg4 9. h3 Bh5 10. Na4 b6 11. Nxc5 bxc5 12. Bb5 Nd4 13. Bc4 Qc8 14. c3 Nxf3+ 15.
gxf3 Qxh3 16. d4 Bxf3 17. Qxf3 Qxf3 18. dxe5 dxe5 19. Re1 Ng4 20. Be3 Qh3 21.
f3 Nxe3 22. Rxe3 Rab8 23. Bf1 Qg3+ 24. Kh1 Rxb2 25. Re2 Qxf3+ 26. Rg2 Qh3+ 27.
Kg1 Re8 28. Rxb2 Qxc3 29. Rab1 Re6 30. Rb8+ Kh7 31. Be2 Rg6+ 32. Kf1 Qh3+ 33.
Kf2 Rg2+ 34. Ke1 Qc3+ 35. Kf1 Rh2 36. R8b3 Qc2 37. Bf3 Qf2# 0-1

[Event "Open Aubagne 2022/2023"]
[Site "Aubagne"]
[Date "2022.11.19"]
[Round "2.29"]
[White "Pouliquen, Gilbert"]
[Black "Leccese, Olia"]
[Result "1-0"]
[WhiteElo "1193"]
[BlackElo "1009"]
[PlyCount "63"]
[WhiteTeam "Echiquier Marseillais 1872"]
[BlackTeam "La Ciotat Echecs (LCE)"]

1. d4 d5 2. c4 c6 3. Nf3 Nf6 4. g3 Nbd7 5. Bg2 e6 6. O-O Be7 7. Nc3 O-O 8. cxd5
cxd5 9. Bf4 Nb6 10. Rc1 Bd7 11. a4 Nc4 12. Qc2 Qe8 13. Ne5 Nxe5 14. Bxe5 b5 15.
Nxb5 Bxb5 16. axb5 Qxb5 17. b3 Rfc8 18. Qd1 Rxc1 19. Qxc1 Ne4 20. Qb2 Rc8 21.
f3 f6 22. fxe4 fxe5 23. dxe5 dxe4 24. Bxe4 Bc5+ 25. Kh1 Qb4 26. Qb1 Qd4 27.
Bxh7+ Kh8 28. Qe4 Qxe4+ 29. Bxe4 Rb8 30. Rd1 Rxb3 31. Rd8+ Bf8 32. Rxf8# 1-0